Doklady o doručení tovaru

Spôsobenie škody zamestnancom na majetku zamestnávateľa. Poškodenie materiálu, ktorý sa používa do výroby. Náhrada škody a spoluúčasť zamestnanca.

Guardado en:
Detalles Bibliográficos
Autor principal: Kubaščíková, Zuzana, 1982-
Formato: Capítulo de libro
Lenguaje:eslovaco
Materias:
Etiquetas: Agregar Etiqueta
Sin Etiquetas, Sea el primero en etiquetar este registro!

MARC

LEADER 00000naa a2200000 4500
001 0172045
005 20240502072941.6
041 0 |a slo 
044 |a SK 
245 1 0 |a Doklady o doručení tovaru  |c Zuzana Kubaščíková 
520 |a Spôsobenie škody zamestnancom na majetku zamestnávateľa. Poškodenie materiálu, ktorý sa používa do výroby. Náhrada škody a spoluúčasť zamestnanca. 
610 2 0 |a účtovníctvo 
610 2 0 |a účtovanie 
610 2 0 |a zápisy účtovné podvojné 
610 2 0 |a fakturovanie 
610 2 0 |a materiál 
610 2 0 |a zásoby 
610 2 0 |a škody 
100 1 |a Kubaščíková, Zuzana, 1982-